Countries by Percent of World GDP - Statistics

General Stats
  • This quiz has been taken 80 times
  • The average score is 16 of 17
Answer Stats
Percent of GDP Country % Correct
18.04% China
100%
3.97% Germany
99%
4.23% Japan
99%
2.10% Russia
99%
24.65% United States
99%
3.42% India
97%
1.87% Brazil
96%
1.37% Spain
95%
3.15% United Kingdom
95%
2.17% Canada
93%
2.74% France
93%
1.71% South Korea
93%
1.97% Italy
92%
1.40% Mexico
91%
1.70% Australia
89%
1.27% Indonesia
85%
1.94% Iran
47%
No matching quizzes found
Score Distribution
Percent of People with Each Score
Percentile by Number Answered
Your Score History
You have not taken this quiz